[Event "4NCL Division Four"]
[Site "Warwick, ENG"]
[Date "2023.04.29"]
[Round "9.46"]
[White "Shah, Meet"]
[Black "Perchard, Matthew"]
[Result "1-0"]
[WhiteElo "1889"]
[BlackElo "1507"]
[PlyCount "95"]
[EventDate "2023.04.29"]
[WhiteTeam "Wessex Some Stars B"]
[BlackTeam "Celtic Tigers 3"]

1. d4 d5 2. c4 c6 3. g3 Nf6 4. cxd5 cxd5 5. Bg2 e6 6. Nf3 Bd6 7. O-O O-O 8. Nc3
a6 9. Bg5 Nbd7 10. e4 dxe4 11. Nxe4 Be7 12. Nfd2 h6 13. Be3 Nd5 14. Nc3 N7b6
15. Qb3 Nxe3 16. fxe3 Bg5 17. Nce4 Be7 18. Nf3 Nd7 19. Rad1 Qb6 20. Qc2 Nf6 21.
Ne5 Nd7 22. Nc4 Qc7 23. Qe2 Ra7 24. Rc1 Qd8 25. Rfd1 b5 26. Ne5 Nxe5 27. dxe5
Rd7 28. Rxd7 Qxd7 29. Rd1 Qc7 30. Qh5 Rd8 31. Rf1 Bg5 32. Nxg5 hxg5 33. Be4 g6
34. Qxg5 Rd2 35. Bxg6 fxg6 36. Qxg6+ Qg7 37. Qe8+ Kh7 38. Rf7 Rd1+ 39. Kg2 Bb7+
40. Kh3 Rd7 41. Rxd7 Bd5 42. Rxg7+ Kxg7 43. a3 Bc4 44. Kg4 a5 45. Kg5 Bd3 46.
Qe7+ Kg8 47. Kh6 b4 48. Qg7# 1-0

[Event "4NCL Division Four"]
[Site "Warwick, ENG"]
[Date "2023.04.29"]
[Round "9.49"]
[White "Rose, Peter"]
[Black "Deacon, Matthew"]
[Result "0-1"]
[WhiteElo "1475"]
[BlackElo "1800"]
[PlyCount "47"]
[EventDate "2023.04.29"]
[WhiteTeam "Celtic Tigers 3"]
[BlackTeam "Wessex Some Stars B"]

1. d4 Nf6 2. Bf4 b6 3. e3 Bb7 4. Nf3 e6 5. a3 d5 6. Bb5+ Nbd7 7. Nbd2 a6 8. Bd3
Bd6 9. Ne5 Ne4 10. Qg4 Bxe5 11. Bxe4 Bf6 12. Bd3 g5 13. Be5 Nxe5 14. dxe5 Bxe5
15. Nf3 Bxb2 16. Rb1 Bc3+ 17. Ke2 Bf6 18. Rhd1 Qe7 19. Qa4+ Kf8 20. Nd4 Kg7 21.
Rb3 b5 22. Qa5 c5 23. Nf3 c4 24. Rc3 0-1

[Event "4NCL Division Four"]
[Site "Warwick, ENG"]
[Date "2023.04.29"]
[Round "9.52"]
[White "Deacon, Nicholas"]
[Black "Luntc, Iana"]
[Result "1-0"]
[WhiteElo "1488"]
[BlackElo "1200"]
[PlyCount "61"]
[EventDate "2023.04.29"]
[WhiteTeam "Wessex Some Stars B"]
[BlackTeam "Celtic Tigers 3"]

1. d4 Nf6 2. c4 g6 3. Nc3 Bg7 4. e4 d6 5. f3 O-O 6. Be3 e5 7. d5 b6 8. Qd2 h6
9. Bxh6 Ne8 10. h4 f5 11. Bg5 Nf6 12. h5 Qe8 13. h6 Bh8 14. O-O-O Nh7 15. Bd3
f4 16. Bh4 g5 17. Bf2 g4 18. fxg4 Bxg4 19. Nf3 Nd7 20. Rdg1 Ndf6 21. Ne1 Nh5
22. g3 Qf7 23. gxf4 Qxf4 24. Be3 Qf7 25. Rxg4+ Ng7 26. hxg7 Bxg7 27. Bh6 Qf2
28. Rxg7+ Kh8 29. Rxh7+ Kg8 30. Qg5+ Kxh7 31. Qg7# 1-0